|
|
|
|
| LEADER |
01089nab a2200301 i 4500 |
| 001 |
publ29835 |
| 005 |
20240312155608.0 |
| 008 |
240312s2024 hu o 0|| hun d |
| 022 |
|
|
|a 0030-6002
|
| 024 |
7 |
|
|a 10.1556/650.2024.32978
|2 doi
|
| 024 |
7 |
|
|a 34729015
|2 mtmt
|
| 040 |
|
|
|a SZTE Publicatio Repozitórium
|b hun
|
| 041 |
|
|
|a hun
|
| 100 |
1 |
|
|a Szabó Diána
|
| 245 |
1 |
0 |
|a Új minimálinvazív kezelési lehetőségek jó- és rosszindulatú fül-orr-gégészeti betegségekben nanoszerkezetű hatóanyag-leadó rendszerek alkalmazásával
|h [elektronikus dokumentum] /
|c Szabó Diána
|
| 260 |
|
|
|c 2024
|
| 300 |
|
|
|a 370-378
|
| 490 |
0 |
|
|a ORVOSI HETILAP
|v 165 No. 10
|
| 650 |
|
4 |
|a Klinikai orvostan
|
| 700 |
0 |
1 |
|a Janovák László
|e aut
|
| 700 |
0 |
1 |
|a Abdelghafour Mohamed M.
|e aut
|
| 700 |
0 |
1 |
|a Takács Tamás
|e aut
|
| 700 |
0 |
1 |
|a Csanády Miklós ifj.
|e aut
|
| 700 |
0 |
1 |
|a Spengler Gabriella
|e aut
|
| 700 |
0 |
1 |
|a Szakács László
|e aut
|
| 700 |
0 |
1 |
|a Csanády Miklós
|e aut
|
| 700 |
0 |
1 |
|a Rovó László
|e aut
|
| 856 |
4 |
0 |
|u http://publicatio.bibl.u-szeged.hu/29835/1/Szabo.pdf
|z Dokumentum-elérés
|